00683nam a2200241 a 4500001001300000003000900013005001700022008004100039020001000080082001600090100002500106245002300131260003300154300000900187500003500196505001700231650002200248700002500270902000800295942000700303952011600310999001500426nice12345678IN_TiNIC20260116012126.0050524s1961 dela grp 000 0 urd  ac10000a297.63bRAH aRahmani, Abdus Samad aPaighambar-E-Aalam aDelhibDeni Book Depotc1961 a592p aincludes index and biblioraphy2 abibliography aMuhammad, Prophet1 aRahmani, Abdus Samad bSRS cBK 001040708StackRoom-aHMIbHMId2007-07-10g100.00l0o297.63 RAHp08935r2007-07-10v100.00w2005-05-24yBK c5744d5744